| 000 | 00808nam a2200229 a 4500 | ||
|---|---|---|---|
| 001 | 000045263 | ||
| 003 | DO-SdBNP | ||
| 005 | 20220726114916.0 | ||
| 007 | ta | ||
| 008 | 110328s1944 dr 000 0 spa d | ||
| 040 |
_aDO-SdBNP _bspa _cBNPHU |
||
| 082 |
_axxx _bxxxx |
||
| 245 | 0 | 3 |
_aLa bula in apostolatus culmine del papa Paulo III : _ben virtud de la cual fue erigida y fundada la universidad de Santo Domingo, primada de América / |
| 260 |
_aSanto Domingo, : _bMontalvo, _c1944. |
||
| 300 |
_a72 p. ; _c24 cm. |
||
| 490 | 1 |
_aPublicaciones de la Universidad de Santo Domingo ; _v27 ; |
|
| 500 | _aEdiciones del centenario de la República. | ||
| 590 | _aInventariado, 2022/ YL | ||
| 830 | 0 |
_aPublicaciones de la Universidad de Santo Domingo _n27 _973291 |
|
| 910 | _aYLockward | ||
| 942 |
_2ddc _cLBS1 |
||
| 999 |
_c44752 _d44752 |
||